| 000 | 00456nam a22001697a 4500 | ||
|---|---|---|---|
| 003 | OSt | ||
| 005 | 20211011112508.0 | ||
| 008 | 211011b |||||||| |||| 00| 0 eng d | ||
| 020 | _a9073041171 | ||
| 040 | _cHU | ||
| 082 | _a630.72/JAC | ||
| 100 |
_aJACKSON _qCECILE JACKSON _912287 |
||
| 245 | _aMANAGING INTERDISCIPLINARY RESEARCH TEAMS RESEARCH TEAMS THE ICRA EXPERIENCE | ||
| 260 |
_aNETHER LANDS _bICRA _c1993 |
||
| 300 | _a89 | ||
| 942 |
_2ddc _cBOOKS _n0 |
||
| 999 |
_c11364 _d11364 |
||